Bibliografía sobre partidos políticos en Centroamérica

Guardado en:
Bibliografiske detaljer
Hovedforfatter: Arriaga, Jorge
Institution som forfatter: CSUCA
Format: Texto
Udgivet: San José: CSUCA
Tags: Tilføj Tag
Ingen Tags, Vær først til at tagge denne postø!

MARC

LEADER 00000 a a2200000 04500
001 20807
003
040
090 |a 088900  
100 |a Arriaga, Jorge  
110 |a CSUCA  
245 |a Bibliografía sobre partidos políticos en Centroamérica  
260 |a San José:   |b CSUCA  
300 |a 51 p.  
999 |c 5278  |d 5278